000 01521cam a2200373 i 4500
001 14969585
003 EG-ScBUE
005 20240826103334.0
008 070816t2008 nyua f 001 0 eng d
020 _a0071494480 (alk. paper)
020 _a9780071494489 (alk. paper)
035 _a(OCoLC)ocn165958466
040 _aDLC
_beng
_erda
_cDLC
_dDLC
_dEG-ScBUE
082 0 4 _a510
_222
_bGIB
100 1 _aGibilisco, Stan,
_eauthor.
_93159
245 1 0 _aMastering technical mathematics /
_cStan Gibilisco, Norman Crowhurst.
250 _aThird edition.
264 1 _aNew York :
_bMcGraw-Hill,
_c[2008]
264 4 _cc2008
300 _axvi, 627 pages :
_billustrations ;
_c24 cm
336 _2rdacontent
_atext
_btxt
337 _aunmediated
_2rdamedia
_bn
338 _avolume
_bnc
_2rdacarrier
500 _aRev. ed. of: Mastering technical mathematics / Norman Crowhurst. 1st ed. 1992.
500 _aIncludes index.
650 7 _aMathematics.
_2BUEsh
_93160
655 _vReading book
700 1 _aCrowhurst, Norman H.,
_eauthor.
_93161
856 4 2 _3Contributor biographical information
_uhttp://www.loc.gov/catdir/enhancements/fy0814/2007034256-b.html
856 4 2 _3Publisher description
_uhttp://www.loc.gov/catdir/enhancements/fy0814/2007034256-d.html
856 4 1 _3Table of contents only
_uhttp://www.loc.gov/catdir/enhancements/fy0814/2007034256-t.html
942 _2ddc
_cBB
999 _c11188
_d11188